Catálogo público

Reporte de viaje de estudio a la región de los Altos de Jalisco / (Record no. 176821)

MARC details
000 -CABECERA
campo de control de longitud fija 02715nam a2200409Ia 4500
001 - NÚMERO DE CONTROL
campo de control dia_5862
003 - IDENTIFICADOR DEL NÚMERO DE CONTROL
campo de control CHAP
005 - FECHA Y HORA DE LA ÚLTIMA TRANSACCIÓN
campo de control 20240815184221.0
007 - CAMPO FIJO DE DESCRIPCIÓN FÍSICA--INFORMACIÓN GENERAL
campo de control de longitud fija ta
008 - DATOS DE LONGITUD FIJA--INFORMACIÓN GENERAL
campo de control de longitud fija 220117s2015 mx bdo fr 001 0 spa d
040 ## - FUENTE DE LA CATALOGACIÓN
Centro/agencia transcriptor CHAP
Centro catalogador/agencia de origen mxchpua
090 ## - LOCALMENTE ASIGNADO TIPO-LC NÚMERO DE CLASIFICACIÓN (OCLC); NÚMERO DE CLASIFICACIÓN LOCAL (RLIN)
Número de clasificación (OCLC) (R) ; Numero de clasificación, CALL (RLIN) (NR) T.C.667
Número cutter local (OCLC) ; Número de libro/Signatura topográfica íntegra, CALL (RLIN) F56 IAI
Año 2015
245 10 - MENCIÓN DE TÍTULO
Título Reporte de viaje de estudio a la región de los Altos de Jalisco /
Mención de responsabilidad, etc. coordinador Juan José Flores Verduzco ; colaboradores Laura Yesenia Aguilera Blanco...[et al.]
260 ## - PUBLICACIÓN, DISTRIBUCIÓN, ETC.
Lugar de publicación, distribución, etc. México :
Nombre del editor, distribuidor, etc. El autor,
Fecha de publicación, distribución, etc. 2015
300 ## - DESCRIPCIÓN FÍSICA
Extensión 103 hojas :
Otras características físicas mapas, gráficas, diagramas, tablas, fotos +
Material acompañante/anejo 1 CD-ROM
336 ## - TIPO DE CONTENIDO
Fuente rdacontent
Término de tipo de contenido texto
Código de tipo de contenido txt
337 ## - TIPO DE MEDIO
Fuente rdamedia
Nombre/término del tipo de medio no mediado
Código del tipo de medio n
338 ## - TIPO DE SOPORTE
Fuente rdacarrier
Nombre/término del tipo de soporte volumen
Código del tipo de soporte nc
500 ## - NOTA GENERAL
Nota general 5° año Grupo 1 --<br/>El CD contiene reporte.
502 ## - NOTA DE TESIS
Nota de tesis Viaje de estudios
Tipo de título (IAI) --
Nombre de la institución que otorga el título UACh. Departamento de Ingeniería Agroindustrial,
Año de obtención del título 2015
504 ## - NOTA DE BIBLIOGRAFÍA, ETC.
Nota de bibliografía, etc. Bibliografía: hoja 103
505 ## - NOTA DE CONTENIDO CON FORMATO
Nota de contenido con formato Empresas visitadas: --
Título 1. Rancho Lechero Hacienda Cieneguilla, municipio de Lagos de Moreno -- <br/>2. INIFAP, Centro de Investigación Regional Pacífico Centro, Campo experimental Centro Altos de Jalisco Vaquerías -- <br/>3. PRODUOO (Productores Organizados de Ojuelos) -- <br/>4. Industrializadora de Fructanos de Tierra Blanca de C. V. -- <br/>5. Alimentos La Concordia, S. A. de C. V. -- <br/>6. Clasificadora SANFANDILA, S. A. de C. V. -- <br/>7. Granja de aves ponedoras SENACICA -- <br/>8. Rancho la tuna -- <br/>9. Visita a varios Productores de PRODUOO -- <br/>10. Comunidad de ojo de agua de la palma Zacatecas -- <br/>11. Comunidad de Morenitos, Ojuelos, Jalisco -- <br/>12. Comunidad Huarache, municipio de Ojuelos, Jalisco -- <br/>13. Avicultura El Gran Chaparral, Tepatitlán de Morelos -- <br/>14. Recorrido en los ranchos de producción lechera de productores asociados con DANONE (Tepatitlán, Jalisco) -- <br/>15. Tequilera Criteros -- <br/>16. Cultivo de Agave Azul (Tequilana weber) Consejo Regulador del Agave -- <br/>17. Arcilla Roja, S. A. de C. V. -- <br/>18. AVICAR de occidente, S. A. de C. V. -- <br/>19. Impulsora Rombo -- <br/>20. Rastro municipal de Tepatitlán
650 13 - PUNTO DE ACCESO ADICIONAL DE MATERIA--TÉRMINO DE MATERIA
Término de materia o nombre geográfico como elemento de entrada Agave tequilana
9 (RLIN) 1107
650 13 - PUNTO DE ACCESO ADICIONAL DE MATERIA--TÉRMINO DE MATERIA
Término de materia o nombre geográfico como elemento de entrada Industria del huevo
9 (RLIN) 157071
Subdivisión geográfica México
-- Jalisco
650 10 - PUNTO DE ACCESO ADICIONAL DE MATERIA--TÉRMINO DE MATERIA
Término de materia o nombre geográfico como elemento de entrada Industria lechera
Subdivisión geográfica México
-- Jalisco
9 (RLIN) 152796
650 10 - PUNTO DE ACCESO ADICIONAL DE MATERIA--TÉRMINO DE MATERIA
Término de materia o nombre geográfico como elemento de entrada Dairy industry
Subdivisión geográfica Mexico
-- Jalisco
9 (RLIN) 152795
650 13 - PUNTO DE ACCESO ADICIONAL DE MATERIA--TÉRMINO DE MATERIA
Término de materia o nombre geográfico como elemento de entrada Egg industry
9 (RLIN) 157070
Subdivisión geográfica México
-- Jalisco
700 1# - PUNTO DE ACCESO ADICIONAL--NOMBRE DE PERSONA
Nombre de persona Flores Verduzco, Juan José
9 (RLIN) 41784
Término indicativo de función/relación coordinador
700 1# - PUNTO DE ACCESO ADICIONAL--NOMBRE DE PERSONA
Nombre de persona Aguilera Blanco, Laura Yesenia
9 (RLIN) 135886
Término indicativo de función/relación colaboradora
856 42 - LOCALIZACIÓN Y ACCESO ELECTRÓNICOS
Identificador Uniforme del Recurso <a href="http://10.13.5.2/ve/TC667IAI/TC667IAI2015.pdf">http://10.13.5.2/ve/TC667IAI/TC667IAI2015.pdf</a>
Texto de enlace DESCARGAR REPORTE
942 ## - ELEMENTOS DE PUNTO DE ACCESO ADICIONAL (KOHA)
Fuente del sistema de clasificación o colocación Clasificación Universidad Autónoma de Chapingo
901 ## - ELEMENTOS DE DATOS A LOCAL LDA (RLIN)
a T.C.667 F56 IAI 2015
902 ## - ELEMENTOS DE DATOS B LOCAL, LDB (RLIN)
a M
905 ## - ELEMENTOS DE DATOS E LOCAL, LDE (RLIN)
a 5232272015 mx nmbl8223123322spa16
942 ## - ELEMENTOS DE PUNTO DE ACCESO ADICIONAL (KOHA)
Tipo de ítem Koha Viaje de Estudios
Holdings
Estado de retiro Estado de pérdida Fuente del sistema de clasificación o colocación Estado dañado Restricciones de uso No para préstamo Código de colección Localización permanente Ubicación/localización actual Fecha de adquisición Fuente de adquisición Total de préstamos Signatura topográfica completa Código de barras Fecha visto por última vez Fecha del último préstamo Número de copia Precio válido a partir de Tipo de ítem Koha Ubicación en estantería
    Clasificación Universidad Autónoma de Chapingo   Préstamo 5 días   Viajes de Estudio Ingenieria Agroindustrial Ingenieria Agroindustrial 18/01/2022 El autor 1 T.C.667 F56 IAI 2015 1106009034 07/05/2024 07/05/2024 Ej. 4 18/01/2022 CD  
    Clasificación Universidad Autónoma de Chapingo   Préstamo interno   Viajes de Estudio Ingenieria Agroindustrial Ingenieria Agroindustrial 18/01/2022 El autor   T.C.667 F56 IAI 2015 1106009031 26/01/2026   Ej. 1 18/01/2022 Viaje de Estudios  
    Clasificación Universidad Autónoma de Chapingo   Préstamo 5 días   Viajes de Estudio Ingenieria Agroindustrial Ingenieria Agroindustrial 18/01/2022 El autor 1 T.C.667 F56 IAI 2015 1106009032 26/01/2026 07/05/2024 Ej. 2 18/01/2022 Viaje de Estudios  
    Clasificación Universidad Autónoma de Chapingo   Préstamo interno   Viajes de Estudio Ingenieria Agroindustrial Ingenieria Agroindustrial 18/01/2022 El autor   T.C.667 F56 IAI 2015 1106009033 18/01/2022   Ej. 3 18/01/2022 CD  
    Clasificación Universidad Autónoma de Chapingo       Viajes de estudio - En línea Ingenieria Agroindustrial Ingenieria Agroindustrial 25/04/2024 El autor   T.C.667 F56 IAI 2015 1206009031 25/04/2024     25/04/2024 Viajes de Estudio - En línea En línea